000
00236nam a2200097Ia 4500
001
1211188
005
20250827024432.0
008
250824s9999 xx 000 0 und d
245
0
_a
SABAH UYKUM
_c
AHMET BATMAN
260
_b
DESTEK YAYINLARI
999
_c
1211188
_d
1211188